[Event "Swidnica op-A"]
[Site "Swidnica"]
[Date "2000.??.??"]
[Round "4"]
[White "Braslavsky, Aleksandr"]
[Black "Berko, Igor"]
[Result "1-0"]
[WhiteElo "2275"]
[BlackElo "2095"]
[PlyCount "97"]
[EventDate "2000.07.??"]
[EventType "swiss"]
[EventRounds "10"]
[EventCountry "POL"]
[SourceTitle "EXT 2003"]
[Source "ChessBase"]
[SourceDate "2002.11.25"]
[SourceVersion "1"]
[SourceVersionDate "2002.11.25"]
[SourceQuality "1"]

1. e4 e6 2. d4 d5 3. Nc3 Nf6 4. Bg5 Be7 5. e5 Nfd7 6. Bxe7 Qxe7 7. f4 a6 8. Nf3 c5 9. dxc5 Nxc5 10. Qd2 Nc6 11. Bd3 Bd7 12. 0-0-0 0-0-0 13. Kb1 Kb8 14. Rhe1 Bc8 15. Bf1 h6 16. Nd4 Nxd4 17. Qxd4 Qc7 18. g3 b6 19. Re3 Bb7 20. Na4 Nxa4 21. Qxa4 d4 22. Ra3 b5 23. Qb4 Rd7 24. Qd2 Rhd8 25. Bg2 Bxg2 26. Qxg2 Qb7 27. Qe2 Ka7 28. Rad3 Rd5 29. h4 Qe7 30. Qe4 f5 31. exf6 Qxf6 32. Re1 R8d6 33. a3 g6 34. Ka2 Kb6 35. c3 dxc3 36. Rxc3 Qf7 37. Qe3+ Kb7 38. Rec1 Rd4 39. Qe5 R4d5 40. Qe4 Kb6 41. Ka1 Qf6 42. Rc8 Ka5 43. Rb8 Rd4 44. Qb7 Rd2 45. Qc7+ Ka4 46. Qc4+ bxc4 47. Rxc4+ Ka5 48. Rc5+ Ka4 49. Rb4# 1-0

[Event "Swidnica op-A"]
[Site "Swidnica"]
[Date "2000.??.??"]
[Round "1"]
[White "Mikhaletz, Lubomir"]
[Black "Braslavsky, Aleksandr"]
[Result "1-0"]
[WhiteElo "2510"]
[BlackElo "2275"]
[PlyCount "89"]
[EventDate "2000.07.??"]
[EventType "swiss"]
[EventRounds "10"]
[EventCountry "POL"]
[SourceTitle "EXT 2003"]
[Source "ChessBase"]
[SourceDate "2002.11.25"]
[SourceVersion "1"]
[SourceVersionDate "2002.11.25"]
[SourceQuality "1"]

1. e4 e6 2. d4 d5 3. e5 c5 4. c3 Nc6 5. Nf3 Qb6 6. a3 c4 7. Nbd2 Na5 8. Rb1 Bd7 9. Be2 0-0-0 10. 0-0 f5 11. b3 cxb3 12. c4 Ba4 13. Ng5 Nh6 14. c5 Qc6 15. Bb2 Be7 16. h4 Bxg5 17. hxg5 Nf7 18. f4 Bb5 19. Bc3 Bxe2 20. Qxe2 Nc4 21. Rxb3 Nxd2 22. Bxd2 Rd7 23. Rfb1 Kb8 24. Ba5 Rc8 25. Kf2 Ka8 26. Bb6 Nd8 27. Bxa7 Kxa7 28. Rb6 Qa4 29. R1b4 Qa5 30. R6b5 Qa6 31. Qc2 Kb8 32. Qb3 Re7 33. Ra4 Qc6 34. Rb6 Qe8 35. Rba6 Rc6 36. Ra8+ Kc7 37. Qb4 Rf7 38. R4a7 Qe7 39. a4 h6 40. a5 hxg5 41. a6 Rxa6 42. Rxa6 bxa6 43. Qa5+ Kd7 44. Qa4+ Kc7 45. Qxa6 1-0